[Event "CSS Freestyle 8th"]
[Site "playchess.com"]
[Date "2008.04.13"]
[Round "9"]
[White "Mepholos"]
[Black "Gallenweiler"]
[Result "1/2-1/2"]
[WhiteElo "1894"]
[BlackElo "2048"]
[PlyCount "124"]
[EventDate "2008.04.11"]

1. d4 {47} d5 {11} 2. c4 {7} e6 {83} 3. Nc3 {12} Nf6 {27} 4. Bf4 {12} Be7 {23}
5. e3 {95} O-O {9} 6. Nf3 {110} c5 {141} 7. dxc5 {64} Bxc5 {16} 8. Bd3 {117}
Nc6 {115} 9. O-O {124} dxc4 {18} 10. Bxc4 {25} Qe7 {2} 11. Qc2 {191} Nb4 {86}
12. Qb3 {90} b6 {40} 13. a3 {128} Nbd5 {119} 14. Nxd5 {13} Nxd5 {0} 15. Bxd5 {
36} exd5 {0} 16. Qxd5 {11} Bb7 {15} 17. Qf5 {67} g6 {180} 18. Qe5 {18} f6 {86}
19. Qxe7 {15} Bxe7 {2} 20. Nd4 {87} f5 {29} 21. Ne6 {74} Rf6 {79} 22. Nc7 {35}
Rd8 {4} 23. Nb5 {121} Ba6 {83} 24. a4 {63} Rff8 {114} 25. Be5 {188} Rd5 {30}
26. Bc3 {18} Rd7 {69} 27. g3 {76} Kf7 {61} 28. h4 {42} Rfd8 {224} 29. Rfc1 {12}
Ra8 {41} 30. Be5 {139} Rc8 {49} 31. Rxc8 {12} Bxc8 {2} 32. Rc1 {10} Ba6 {2} 33.
Nd4 {301} Bb7 {110} 34. Nc6 {22} Ke6 {81} 35. Nxe7 {12} Kxe7 {99} 36. Kf1 {109}
Ke6 {44} 37. Bd4 {77} Rd8 {17} 38. Ke2 {47} Rc8 {19} 39. Bc3 {60} Bd5 {43} 40.
Kd3 {31} Bb3 {80} 41. Ra1 {37} a5 {16} 42. Ra3 {39} Bd5 {45} 43. Kc2 {23} Be4+
{11} 44. Kd2 {16} Bd5 {17} 45. Ra1 {27} Bb3 {11} 46. Kd3 {21} Kd6 {
Gallenweiler bietet Remis 19} 47. Bd4 {38} Rc6 {42} 48. Ra3 {25} Bd5 {53} 49.
Rc3 {164} Rxc3+ {45} 50. Kxc3 {13} Kc6 {3} 51. b4 {11} Bf3 {
Gallenweiler bietet Remis 14} 52. b5+ {16} Kb7 {16} 53. Kd2 {8} Bd5 {17} 54.
Kc2 {14} Kc7 {9} 55. Be5+ {12} Kb7 {7} 56. Kb2 {14} Kc8 {8} 57. Kc3 {14} Kb7 {
12} 58. Bf6 {50} Bf3 {11} 59. Kd2 {9} Be4 {46} 60. f4 {42} Bd5 {11} 61. Kc2 {16
} Be4+ {11} 62. Kc3 {8} Bf3 {Mepholos offers a draw (Lag: Av=0.38s, max=1.7s) 9
} 1/2-1/2

[Event "CSS Freestyle 8th"]
[Site "playchess.com"]
[Date "2008.04.13"]
[Round "9"]
[White "Siciliane5"]
[Black "Croberson"]
[Result "1/2-1/2"]
[WhiteElo "2390"]
[BlackElo "2424"]
[PlyCount "95"]
[EventDate "2008.04.11"]

1. e4 {34} e6 {108} 2. d4 {15} d5 {38} 3. Nc3 {18} Nc6 {112} 4. Nf3 {25} Nf6 {
11} 5. e5 {11} Ne4 {12} 6. Bd3 {13} Bb4 {46} 7. Bd2 {11} Nxd2 {12} 8. Qxd2 {33}
f6 {209} 9. a3 {32} Be7 {277} 10. exf6 {22} Bxf6 {309} 11. O-O-O {125} O-O {79}
12. h4 {20} Bxd4 {366} 13. Nxd4 {157} Nxd4 {43} 14. Bxh7+ {10} Kxh7 {25} 15.
Qxd4 {13} Qf6 {38} 16. Qd3+ {80} Kg8 {17} 17. f3 {252} c6 {10} 18. Kb1 {19} e5
{146} 19. h5 {20} Bf5 {151} 20. Qd2 {23} Qh6 {44} 21. Qe2 {41} Qg5 {70} 22. g4
{411} Bh7 {13} 23. Rhf1 {21} Rae8 {71} 24. Rde1 {41} Rf7 {99} 25. Qf2 {128} a6
{33} 26. Qh2 {489} a5 {10} 27. f4 {130} Qxg4 {75} 28. h6 {24} Re6 {74} 29. hxg7
{435} Rxf4 {103} 30. Rxf4 {26} exf4 {27} 31. Rxe6 {7} Qxe6 {15} 32. Qxf4 {41}
Qe1+ {12} 33. Ka2 {17} Qe7 {46} 34. Ne2 {44} Bg6 {53} 35. Nd4 {58} Kxg7 {23}
36. Qg3 {Siciliane5 offers a draw 15} Qf6 {62} 37. Qc7+ {20} Kh6 {36} 38. c3 {
12} a4 {37} 39. Qh2+ {12} Kg7 {76} 40. Qc7+ {39} Bf7 {17} 41. Qg3+ {15} Kh6 {92
} 42. Qe3+ {22} Kh7 {60} 43. Qh3+ {18} Kg8 {19} 44. Qg3+ {16} Kf8 {29} 45. Qb8+
{31} Be8 {30} 46. Qc7 {18} Qe7 {23} 47. Qf4+ {14} Kg8 {41} 48. Qg4+ {
Siciliane5 offers a draw (Lag: Av=0.68s, max=1.9s) 13} 1/2-1/2

[Event "CSS Freestyle 8th"]
[Site "playchess.com"]
[Date "2008.04.13"]
[Round "9"]
[White "Lombard1"]
[Black "Gatewaymike"]
[Result "1/2-1/2"]
[WhiteElo "2451"]
[BlackElo "2369"]
[PlyCount "59"]
[EventDate "2008.04.11"]

1. d4 {3} d5 {6} 2. Nf3 {18} Nf6 {4} 3. c4 {162} c6 {13} 4. Nc3 {57} e6 {17} 5.
Qb3 {71} dxc4 {76} 6. Qxc4 {17} b5 {25} 7. Qd3 {26} Nbd7 {120} 8. g3 {61} b4 {
142} 9. Ne4 {24} Qa5 {49} 10. Ned2 {121} Ba6 {326} 11. Nc4 {6} Qd5 {147} 12. b3
{47} c5 {73} 13. Bg2 {23} cxd4 {43} 14. O-O {58} Rc8 {178} 15. Bb2 {36} Nc5 {86
} 16. Qb1 {520} Nce4 {400} 17. Nxd4 {573} Bc5 {537} 18. e3 {49} O-O {95} 19.
Nc6 {394} Bxc4 {484} 20. bxc4 {5} Qxc4 {23} 21. Rc1 {3} Qb5 {71} 22. Bxe4 {719}
Nxe4 {8} 23. Qxe4 {51} Rxc6 {55} 24. Rc4 {20} Rfc8 {19} 25. Rac1 {20} a5 {56}
26. Bd4 {38} h6 {13} 27. Qc2 {137} a4 {11} 28. Rxc5 {102} Rxc5 {23} 29. Bxc5 {4
} b3 {35} 30. axb3 {Lombard1 bietet Remis (Lag: Av=0.83s, max=2.2s) 23} 1/2-1/2

[Event "CSS Freestyle 8th"]
[Site "playchess.com"]
[Date "2008.04.13"]
[Round "9"]
[White "Murx"]
[Black "Nods"]
[Result "1/2-1/2"]
[WhiteElo "2538"]
[BlackElo "2425"]
[PlyCount "63"]
[EventDate "2008.04.11"]

1. e4 {88} c6 {9} 2. d4 {47} d5 {7} 3. Nd2 {32} dxe4 {6} 4. Nxe4 {12} Nd7 {7}
5. Nf3 {281} Ngf6 {17} 6. Ng3 {301} e6 {50} 7. Bc4 {29} Bd6 {15} 8. Qe2 {50}
O-O {17} 9. O-O {17} Qc7 {9} 10. Re1 {78} b6 {112} 11. Ne4 {20} Nxe4 {25} 12.
Qxe4 {14} Bb7 {5} 13. Bd3 {22} g6 {5} 14. Qh4 {19} c5 {10} 15. Ng5 {102} Nf6 {
66} 16. dxc5 {26} Qxc5 {254} 17. Bd2 {116} Be7 {159} 18. Re5 {178} Qd6 {625}
19. Rae1 {15} Rac8 {7} 20. Qh3 {318} Qd7 {10} 21. Bc3 {38} Rxc3 {63} 22. bxc3 {
3} Bd6 {377} 23. R5e2 {11} Qc7 {10} 24. Ne4 {35} Bxe4 {251} 25. Bxe4 {61} Rd8 {
13} 26. Re3 {107} Be5 {251} 27. Rd3 {144} Rxd3 {161} 28. Qxd3 {8} Bxh2+ {7} 29.
Kf1 {4} Be5 {190} 30. c4 {28} Bd6 {170} 31. Rd1 {143} Be7 {158} 32. Bf3 {
Murx bietet Remis (Lag: Av=0.47s, max=1.2s) 202} 1/2-1/2

[Event "CSS Freestyle 8th"]
[Site "playchess.com"]
[Date "2008.04.13"]
[Round "9"]
[White "Galactus007"]
[Black "Rybko"]
[Result "1/2-1/2"]
[WhiteElo "2380"]
[BlackElo "2398"]
[PlyCount "101"]
[EventDate "2008.04.11"]

1. e4 {4} e6 {209} 2. Nc3 {21} d5 {64} 3. Nf3 {68} Nf6 {73} 4. exd5 {13} exd5 {
14} 5. d4 {12} Bd6 {83} 6. Bd3 {41} O-O {Rybko offers a draw 107} 7. O-O {12}
Bg4 {44} 8. h3 {32} Bh5 {3} 9. Re1 {12} c6 {16} 10. g4 {222} Bg6 {12} 11. Bg5 {
37} Nbd7 {15} 12. Qd2 {25} Qb6 {62} 13. Rab1 {300} Rae8 {61} 14. Bxg6 {102}
hxg6 {15} 15. Qd3 {83} Qc7 {60} 16. a3 {165} b5 {46} 17. Rxe8 {81} Rxe8 {31}
18. Re1 {59} Rxe1+ {4} 19. Nxe1 {18} Nh7 {96} 20. Qe3 {157} Nxg5 {18} 21. Qxg5
{48} Nb6 {53} 22. Nd3 {45} Kf8 {14} 23. Qh4 {175} Kg8 {10} 24. Qg5 {143} a5 {56
} 25. Qe3 {173} Qd7 {20} 26. Qe1 {116} g5 {86} 27. Na2 {42} Nc4 {41} 28. b3 {53
} Nxa3 {10} 29. Qxa5 {12} Qe8 {28} 30. Qc3 {135} Nb1 {49} 31. Qe1 {243} Qxe1+ {
27} 32. Nxe1 {13} Na3 {5} 33. c3 {106} Nb1 {101} 34. Nf3 {77} f6 {5} 35. Kf1 {
45} Kf7 {227} 36. Ke2 {96} b4 {34} 37. cxb4 {29} Na3 {25} 38. Ne1 {194} g6 {76}
39. Kd1 {109} Ke6 {61} 40. Kd2 {37} Bf4+ {27} 41. Kd3 {86} Bd6 {26} 42. Ke3 {67
} Bf4+ {Rybko offers a draw 356} 43. Ke2 {30} Bd6 {114} 44. Kd3 {33} Bh2 {63}
45. Nf3 {107} Bd6 {15} 46. h4 {84} gxh4 {29} 47. Nxh4 {4} Kf7 {8} 48. Ng2 {40}
Ke6 {27} 49. Ne3 {115} f5 {296} 50. f3 {49} fxg4 {59} 51. Nxg4 {
Galactus007 propose la nulle (Lag: Av=1.14s, max=9.0s) 23} 1/2-1/2

[Event "CSS Freestyle 8th"]
[Site "playchess.com"]
[Date "2008.04.13"]
[Round "9"]
[White "Farseer"]
[Black "Tatar"]
[Result "1/2-1/2"]
[WhiteElo "2430"]
[BlackElo "2501"]
[PlyCount "67"]
[EventDate "2008.04.11"]

1. d4 {10} d5 {11} 2. Nf3 {41} Nf6 {13} 3. c4 {14} c6 {8} 4. Nc3 {52} e6 {43}
5. Bg5 {132} h6 {10} 6. Bh4 {175} dxc4 {16} 7. e4 {52} g5 {12} 8. Bg3 {18} b5 {
12} 9. Be2 {193} Bb7 {1081} 10. O-O {64} Be7 {219} 11. a4 {615} a6 {371} 12.
Qc2 {5} Nbd7 {19} 13. Rfd1 {212} O-O {25} 14. h4 {274} gxh4 {366} 15. Bxh4 {112
} Nh5 {19} 16. Qd2 {69} Kh7 {10} 17. Bxe7 {294} Qxe7 {9} 18. d5 {700} cxd5 {575
} 19. axb5 {6} axb5 {6} 20. Rxa8 {55} Bxa8 {5} 21. exd5 {23} b4 {465} 22. dxe6
{181} bxc3 {5} 23. Qc2+ {495} Kg8 {9} 24. exd7 {Farseer offers a draw 37} Nf4 {
10} 25. Bxc4 {19} Bxf3 {10} 26. gxf3 {4} Qg5+ {9} 27. Kf1 {6} Qh4 {10} 28.
Bxf7+ {28} Kg7 {15} 29. Qxc3+ {7} Kxf7 {8} 30. Qc4+ {12} Kg7 {10} 31. Qd4+ {8}
Kf7 {7} 32. Qc4+ {7} Kg7 {10} 33. Qd4+ {7} Kf7 {8} 34. Qc4+ {
(Lag: Av=0.53s, max=2.1s) 10} 1/2-1/2

[Event "CSS Freestyle 8th"]
[Site "playchess.com"]
[Date "2008.04.13"]
[Round "9"]
[White "Stabiloboss"]
[Black "FATTAaMANO"]
[Result "1/2-1/2"]
[WhiteElo "2395"]
[BlackElo "2437"]
[PlyCount "86"]
[EventDate "2008.04.11"]

1. e4 {31} c5 {8} 2. Nf3 {15} Nc6 {12} 3. d4 {23} cxd4 {4} 4. Nxd4 {2} e5 {4}
5. Nb5 {47} d6 {5} 6. c4 {126} Be7 {17} 7. N1c3 {48} a6 {5} 8. Na3 {7} Nf6 {3}
9. Nc2 {235} O-O {16} 10. Bd3 {91} Nd7 {59} 11. O-O {143} Nc5 {260} 12. Be3 {59
} Nxd3 {111} 13. Qxd3 {10} f5 {137} 14. f3 {30} f4 {148} 15. Bf2 {17} Rf6 {183}
16. Nd5 {160} Rg6 {70} 17. Bb6 {21} Qf8 {58} 18. Rf2 {82} Bd8 {517} 19. Qb3 {
678} Be6 {547} 20. Bxd8 {94} Nxd8 {17} 21. Rd1 {113} Rc8 {158} 22. Rfd2 {28} h5
{84} 23. Kh1 {159} Bxd5 {88} 24. cxd5 {234} Rf6 {113} 25. Na3 {215} Rf7 {71}
26. Rc2 {235} Rfc7 {FATTAaMANO bietet Remis 20} 27. Rxc7 {21} Rxc7 {7} 28. Qb6
{9} Qe7 {275} 29. b3 {8} Nf7 {30} 30. Nc4 {21} Rc5 {65} 31. a4 {7} g5 {4} 32.
Kg1 {96} g4 {61} 33. Kf1 {51} Kg7 {22} 34. Ke2 {62} Qd7 {122} 35. Rf1 {121}
Rxc4 {88} 36. bxc4 {45} Qxa4 {8} 37. Kf2 {150} Qxc4 {13} 38. Kg1 {34} Qc8 {70}
39. Kh1 {105} Kf6 {41} 40. Qf2 {65} Ng5 {52} 41. Qb6 {37} Nf7 {6} 42. Qf2 {7}
Ng5 {5} 43. Qb6 {4} Nf7 {(Lag: Av=0.48s, max=2.0s) 4} 1/2-1/2

[Event "CSS Freestyle 8th"]
[Site "playchess.com"]
[Date "2008.04.13"]
[Round "9"]
[White "Paganel01"]
[Black "Ciron"]
[Result "1/2-1/2"]
[WhiteElo "2439"]
[BlackElo "2502"]
[PlyCount "78"]
[EventDate "2008.04.11"]

1. Nf3 {15} Nf6 {98} 2. d4 {42} g6 {62} 3. g3 {12} Bg7 {65} 4. c4 {24} O-O {42}
5. Nc3 {8} d5 {166} 6. cxd5 {13} Nxd5 {10} 7. Bg2 {7} Nb6 {80} 8. O-O {6} Nc6 {
23} 9. e3 {24} Re8 {200} 10. Re1 {9} a5 {262} 11. b3 {161} e5 {302} 12. dxe5 {
187} a4 {624} 13. Nxa4 {143} Nxa4 {37} 14. bxa4 {24} Nxe5 {28} 15. Nxe5 {46}
Bxe5 {15} 16. Rb1 {40} c6 {137} 17. Bd2 {18} Qd3 {30} 18. e4 {381} Qc4 {102}
19. Bb4 {143} Be6 {10} 20. a5 {106} Red8 {53} 21. Qb3 {22} Bd4 {150} 22. Qxc4 {
57} Bxc4 {5} 23. Rbc1 {143} Bxa2 {22} 24. Bf1 {201} Be6 {162} 25. Kg2 {13} h5 {
174} 26. Re2 {166} Be5 {305} 27. f4 {119} Bc7 {Ciron reconnected. 49} 28. Ra1 {
190} Rd4 {289} 29. Bc3 {65} Rc4 {9} 30. Re3 {28} Rxe4 {10} 31. Rxe4 {16} Bd5 {4
} 32. Bd3 {36} f5 {11} 33. Kf3 {30} Re8 {30} 34. Raa4 {48} Bd6 {33} 35. Rad4 {
125} Bc5 {276} 36. Ra4 {128} Kf7 {39} 37. h3 {227} Bd6 {17} 38. Rad4 {65} Bc5 {
7} 39. Ra4 {15} Bd6 {Ciron bietet Remis (Lag: Av=0.48s, max=1.6s) 10} 1/2-1/2

[Event "CSS Freestyle 8th"]
[Site "playchess.com"]
[Date "2008.04.13"]
[Round "9"]
[White "Luminarydebris"]
[Black "Heffalump"]
[Result "1-0"]
[WhiteElo "2462"]
[BlackElo "2542"]
[PlyCount "109"]
[EventDate "2008.04.11"]

1. e4 {21} c5 {5} 2. Nf3 {8} Nc6 {8} 3. d4 {17} cxd4 {9} 4. Nxd4 {0} Nf6 {2} 5.
Nc3 {11} e5 {11} 6. Ndb5 {21} d6 {3} 7. Bg5 {21} a6 {4} 8. Na3 {28} b5 {4} 9.
Nd5 {194} Be7 {50} 10. Bxf6 {36} Bxf6 {16} 11. c3 {7} Rb8 {200} 12. Nc2 {36}
O-O {26} 13. h4 {1113} a5 {32} 14. a3 {176} g6 {14} 15. g3 {60} Bg7 {27} 16. h5
{59} Qg5 {104} 17. Bh3 {277} f5 {742} 18. hxg6 {8} Qxg6 {33} 19. Nce3 {96} fxe4
{171} 20. Bg2 {5} Be6 {101} 21. Qc2 {57} Qf7 {26} 22. Bxe4 {12} h6 {3} 23. O-O
{85} Kh8 {219} 24. Qe2 {234} a4 {667} 25. Rad1 {223} Na5 {249} 26. f4 {80} Bxd5
{262} 27. Nxd5 {6} Nc4 {11} 28. Kg2 {45} Qa7 {151} 29. Rd3 {7} exf4 {426} 30.
Nxf4 {24} Rf6 {8} 31. Ng6+ {15} Rxg6 {9} 32. Bxg6 {0} Ne5 {1} 33. Qh5 {62} Qb7+
{18} 34. Kh2 {18} Nxd3 {31} 35. Bxd3 {0} Qc8 {53} 36. Qg6 {34} Qg8 {4} 37. Rf6
{53} Rb7 {14} 38. Rxd6 {44} Bf8 {8} 39. Qf6+ {38} Qg7 {8} 40. Qd8 {10} Rf7 {50}
41. Rg6 {29} Qe5 {51} 42. Rxh6+ {13} Kg8 {3} 43. Rh4 {34} Rf2+ {55} 44. Kh3 {12
} Qe6+ {20} 45. Rg4+ {13} Kh8 {9} 46. Bxb5 {28} Rf6 {9} 47. Qd4 {45} Bg7 {34}
48. Kg2 {22} Rf2+ {14} 49. Qxf2 {12} Qxg4 {3} 50. Qf3 {119} Qg6 {6} 51. Qa8+ {
75} Kh7 {6} 52. Qd5 {6} Qf6 {8} 53. Bxa4 {15} Bh6 {24} 54. Bb3 {29} Qg6 {9} 55.
Bc4 {Heffalump gibt auf (Lag: Av=0.42s, max=1.3s) 19} 1-0

[Event "CSS Freestyle 8th"]
[Site "playchess.com"]
[Date "2008.04.13"]
[Round "9"]
[White "Ultima"]
[Black "Takker"]
[Result "1-0"]
[WhiteElo "2582"]
[BlackElo "2457"]
[PlyCount "117"]
[EventDate "2008.04.11"]

1. e4 {4} c6 {30} 2. d4 {3} d5 {3} 3. Nd2 {20} dxe4 {57} 4. Nxe4 {0} Nd7 {15}
5. Nf3 {69} Ngf6 {74} 6. Ng3 {21} g6 {69} 7. h4 {310} Nb6 {204} 8. Be2 {122}
Bg7 {78} 9. O-O {156} Qc7 {60} 10. Re1 {91} Ng4 {240} 11. c3 {444} O-O {214}
12. h5 {46} Nd5 {599} 13. Bg5 {319} a5 {326} 14. a4 {326} Bf6 {245} 15. Qd2 {25
} Rd8 {603} 16. Bc4 {62} Bd7 {22} 17. Re2 {228} Re8 {24} 18. Rae1 {18} Rad8 {30
} 19. Bb3 {469} Qb6 {193} 20. Ba2 {6} Qc7 {4} 21. hxg6 {60} hxg6 {31} 22. Ne4 {
10} Bg7 {217} 23. Nc5 {42} b6 {38} 24. Nxd7 {67} Rxd7 {9} 25. Re4 {152} Ndf6 {
40} 26. Qe2 {63} e6 {70} 27. Rf4 {6} Rde7 {44} 28. Bc4 {434} Kf8 {45} 29. Ne5 {
13} Nxe5 {30} 30. dxe5 {0} Nd7 {34} 31. Re4 {23} Kg8 {29} 32. Bxe7 {7} Rxe7 {1}
33. f4 {154} Nc5 {20} 34. Rd4 {11} Nxa4 {28} 35. Bxe6 {10} Rxe6 {21} 36. Rxa4 {
1} g5 {20} 37. Qh5 {79} b5 {30} 38. Rd4 {1} gxf4 {20} 39. Rxf4 {2} Qe7 {22} 40.
Ref1 {30} Qa7+ {28} 41. R1f2 {7} Rxe5 {26} 42. Qxf7+ {1} Qxf7 {2} 43. Rxf7 {1}
a4 {19} 44. Rb7 {58} Re8 {15} 45. Rff7 {50} Bh6 {20} 46. Rfc7 {20} Bc1 {36} 47.
Rxc6 {7} Bxb2 {7} 48. Rxb5 {43} a3 {3} 49. Ra6 {15} Rf8 {25} 50. Rb3 {86} Rf7 {
28} 51. Rbxa3 {24} Bxa3 {26} 52. Rxa3 {10} Rc7 {8} 53. Kf2 {8} Rc4 {7} 54. Ke2
{6} Kf7 {23} 55. Kd3 {8} Rg4 {3} 56. Ra2 {7} Ke6 {3} 57. Rd2 {8} Kd5 {2} 58.
Ke2+ {7} Ke5 {8} 59. Kd1 {Takker resigns (Lag: Av=0.77s, max=2.0s) 7} 1-0

[Event "CSS Freestyle 8th"]
[Site "playchess.com"]
[Date "2008.04.13"]
[Round "9"]
[White "Necromant"]
[Black "Maschanska"]
[Result "1/2-1/2"]
[WhiteElo "2367"]
[BlackElo "2400"]
[PlyCount "174"]
[EventDate "2008.04.11"]

1. Nf3 {62} Nf6 {36} 2. g3 {27} d5 {29} 3. d4 {31} e6 {25} 4. Bg2 {22} c5 {119}
5. O-O {26} Nc6 {21} 6. c4 {25} dxc4 {129} 7. Qa4 {Necromant reconnected. 48}
Bd7 {338} 8. Qxc4 {4} cxd4 {37} 9. Nxd4 {39} Rc8 {194} 10. Nc3 {15} Nxd4 {17}
11. Qxd4 {46} Bc5 {2} 12. Qf4 {179} Bc6 {27} 13. Rd1 {59} Qb6 {
Necromant reconnected. 19} 14. Bxc6+ {174} Qxc6 {7} 15. Be3 {161} O-O {
Necromant reconnected. 18} 16. Rac1 {50} Bxe3 {9} 17. Qxe3 {19} Qa6 {13} 18.
Qe5 {97} h6 {174} 19. Rd6 {251} Rc6 {338} 20. Rxc6 {26} Qxc6 {8} 21. Qd4 {201}
a6 {Necromant reconnected. Maschanska bietet Remis 7} 22. Rd1 {155} Rc8 {22}
23. Qb4 {50} b5 {174} 24. Rd6 {6} Qb7 {8} 25. a3 {53} Rc6 {33} 26. Rd8+ {124}
Kh7 {Maschanska bietet Remis 25} 27. Qd4 {15} Qc7 {25} 28. Ra8 {11} Rd6 {37}
29. Qf4 {12} Qd7 {76} 30. Qf3 {42} e5 {87} 31. Qe3 {78} Qe6 {96} 32. Ra7 {27}
g6 {55} 33. Qc5 {97} Kg7 {Maschanska bietet Remis 25} 34. Kg2 {70} Nd5 {87} 35.
f3 {113} Nxc3 {37} 36. Qxc3 {3} Rc6 {11} 37. Qe3 {6} Rc2 {94} 38. b4 {45} g5 {
57} 39. h3 {57} Rc4 {33} 40. Rb7 {7} e4 {16} 41. f4 {10} gxf4 {102} 42. gxf4 {
10} Rc6 {47} 43. Rb8 {14} Qd5 {119} 44. Re8 {42} f5 {114} 45. Kh2 {68} Rc7 {79}
46. Rb8 {405} Kh7 {25} 47. Rb6 {30} Rc6 {18} 48. Rb7+ {30} Kg6 {49} 49. Re7 {45
} Qd1 {131} 50. Rxe4 {12} fxe4 {7} 51. Qxe4+ {1} Kf7 {13} 52. Qxc6 {2} Qxe2+ {6
} 53. Kg3 {6} Qd3+ {20} 54. Qf3 {43} Qg6+ {20} 55. Kf2 {2} Qc2+ {11} 56. Qe2 {
10} Qf5 {31} 57. Kg3 {43} Qg6+ {19} 58. Kh2 {8} h5 {107} 59. Qd2 {44} h4 {178}
60. Qd7+ {3} Kf8 {8} 61. Qc8+ {2} Kf7 {21} 62. Qc7+ {46} Ke8 {14} 63. Qe5+ {35}
Kf7 {14} 64. Qe3 {9} Qc2+ {64} 65. Kg1 {9} Qg6+ {5} 66. Kf2 {20} Qc2+ {9} 67.
Kf3 {4} Qf5 {49} 68. Ke2 {48} Qc2+ {16} 69. Qd2 {1} Qe4+ {16} 70. Kf2 {1} Qf5 {
17} 71. Qc3 {3} Kg6 {65} 72. Qc6+ {10} Kf7 {25} 73. Qc7+ {7} Kg6 {15} 74. Qb6+
{10} Kf7 {17} 75. Qa7+ {9} Ke8 {29} 76. Qa8+ {2} Kf7 {
Maschanska bietet Remis 11} 77. Qb7+ {46} Ke8 {35} 78. Qf3 {28} Kf7 {19} 79.
Ke1 {5} Qb1+ {16} 80. Ke2 {1} Qa2+ {11} 81. Kf1 {1} Qa1+ {10} 82. Kg2 {1} Qa2+
{36} 83. Kf1 {23} Qa1+ {Maschanska bietet Remis 6} 84. Ke2 {15} Qa2+ {6} 85.
Kd1 {8} Qb1+ {8} 86. Kd2 {4} Qb2+ {24} 87. Kd1 {14} Qb1+ {
Necromant idaaeeaaaao ie~~ueo^ (Lag: Av=0.65s, max=9.0s) 6} 1/2-1/2

[Event "CSS Freestyle 8th"]
[Site "playchess.com"]
[Date "2008.04.13"]
[Round "9"]
[White "Averell"]
[Black "Antonaustirol"]
[Result "1/2-1/2"]
[WhiteElo "2494"]
[BlackElo "2453"]
[PlyCount "179"]
[EventDate "2008.04.11"]

1. e4 {4} e6 {3} 2. d4 {40} d5 {4} 3. e5 {36} c5 {5} 4. c3 {2} Qb6 {89} 5. Nf3
{26} Nc6 {39} 6. a3 {20} c4 {160} 7. Nbd2 {White restart ok. 55} Na5 {37} 8. g3
{157} Bd7 {42} 9. h4 {45} Nh6 {242} 10. Bh3 {162} f5 {37} 11. exf6 {794} gxf6 {
7} 12. O-O {44} O-O-O {43} 13. Re1 {132} Nf5 {111} 14. Rb1 {125} Bd6 {175} 15.
Nf1 {105} Qc6 {186} 16. Ne3 {142} Nxe3 {60} 17. Bxe3 {43} Rhg8 {41} 18. Bg2 {84
} Be8 {237} 19. Nd2 {320} Bg6 {51} 20. Bh3 {16} Rde8 {30} 21. Ra1 {30} Bd3 {106
} 22. Qf3 {69} f5 {103} 23. Bf4 {15} Be4 {125} 24. Qe3 {12} Qb6 {78} 25. Kh2 {
139} Bxf4 {222} 26. Qxf4 {12} Rgf8 {7} 27. Re3 {148} Kd7 {303} 28. Nxe4 {352}
fxe4 {55} 29. Qe5 {37} Qd6 {27} 30. Qg7+ {24} Kc6 {27} 31. f3 {47} Nb3 {60} 32.
Rae1 {7} Rg8 {41} 33. Qe5 {13} Qxe5 {5} 34. dxe5 {5} Rgf8 {252} 35. fxe4 {285}
d4 {30} 36. cxd4 {13} Nxd4 {5} 37. Rc1 {20} Nf3+ {37} 38. Rxf3 {26} Rxf3 {4}
39. Rxc4+ {3} Kb6 {108} 40. Rb4+ {55} Kc7 {2} 41. Kg2 {24} Rd3 {33} 42. Bg4 {28
} a5 {25} 43. Rc4+ {48} Kb6 {41} 44. Rc2 {24} Re7 {68} 45. Kf2 {46} h6 {20} 46.
Bh3 {19} Re8 {134} 47. Bg4 {7} Re7 {118} 48. Bh3 {12} a4 {66} 49. Bg4 {10} Re8
{13} 50. Bh3 {28} h5 {13} 51. Bf1 {29} Rf8+ {12} 52. Kg2 {15} Re3 {8} 53. Be2 {
21} Rg8 {10} 54. Bf3 {5} Rb3 {21} 55. Rf2 {32} Kc5 {17} 56. Bxh5 {79} Rgxg3+ {
18} 57. Kf1 {1} Rbe3 {14} 58. Bf7 {22} Rxe4 {8} 59. Bxe6 {25} Rxh4 {5} 60. Rc2+
{23} Kb6 {15} 61. Re2 {59} Rh1+ {33} 62. Kf2 {1} Rh2+ {4} 63. Ke1 {4} Rxe2+ {11
} 64. Kxe2 {2} Rg5 {7} 65. Kd3 {19} Rxe5 {8} 66. Bf7 {27} Kc5 {9} 67. Bg6 {14}
b5 {10} 68. Kc3 {12} Re3+ {8} 69. Bd3 {6} Rh3 {12} 70. Kc2 {33} b4 {290} 71.
axb4+ {14} Kxb4 {119} 72. Be4 {40} Rh2+ {75} 73. Kc1 {35} Rf2 {106} 74. Kb1 {12
} Rf1+ {9} 75. Kc2 {9} Rf4 {1} 76. Bd5 {10} Rg4 {14} 77. Kc1 {10} Rf4 {52} 78.
Kb1 {8} Rf1+ {17} 79. Kc2 {17} Rg1 {4} 80. Kd2 {10} Rg4 {14} 81. Kc2 {12} Rg1 {
79} 82. Kd2 {7} Rb1 {33} 83. Kc2 {8} Ra1 {23} 84. Kd2 {8} a3 {22} 85. bxa3+ {7}
Rxa3 {6} 86. Kc2 {9} Rg3 {5} 87. Ba8 {8} Rh3 {4} 88. Bd5 {2} Kc5 {4} 89. Be6 {3
} Kd4 {2} 90. Bxh3 {(Lag: Av=0.30s, max=1.4s) 3} 1/2-1/2

[Event "CSS Freestyle 8th Final"]
[Site "playchess.com"]
[Date "2008.04.25"]
[Round "1"]
[White "Moro Gamgee"]
[Black "Snuggles"]
[Result "1/2-1/2"]
[WhiteElo "2478"]
[BlackElo "2540"]
[PlyCount "59"]
[EventDate "2008.04.25"]
[TimeControl "3600+15"]

1. d4 {18} d5 {5} 2. c4 {6} c6 {6} 3. Nf3 {9} Nf6 {4} 4. Nc3 {7} e6 {4} 5. Bg5
{6} dxc4 {16} 6. e4 {18} b5 {3} 7. e5 {6} h6 {3} 8. Bh4 {6} g5 {2} 9. Nxg5 {5}
hxg5 {0} 10. Bxg5 {4} Nbd7 {4} 11. g3 {228} Bb7 {4} 12. Bg2 {29} Qb6 {9} 13.
exf6 {7} O-O-O {10} 14. O-O {6} c5 {10} 15. d5 {5} b4 {9} 16. Na4 {27} Qb5 {6}
17. a3 {7} exd5 {4} 18. axb4 {42} cxb4 {0} 19. Re1 {353} d4 {668} 20. Qxd4 {4}
Bxg2 {6} 21. Kxg2 {10} Qxg5 {5} 22. Qxc4+ {34} Kb8 {5} 23. Rac1 {614} Bd6 {31}
24. Qc6 {3} Qd2 {33} 25. Kg1 {426} Rxh2 {16} 26. Re2 {11} Qd3 {5} 27. Re3 {14}
Qd2 {5} 28. Re2 {19} Qd3 {3} 29. Re3 {7} Qd2 {3} 30. Re2 {
(Lag: Av=0.54s, max=6.2s) 4} 1/2-1/2

[Event "CSS Freestyle 8th Final"]
[Site "playchess.com"]
[Date "2008.04.25"]
[Round "1"]
[White "Flyingfatman"]
[Black "Luminarydebris"]
[Result "1/2-1/2"]
[WhiteElo "2569"]
[BlackElo "2483"]
[PlyCount "62"]
[EventDate "2008.04.25"]

1. d4 {41} Nf6 {7} 2. c4 {109} g6 {6} 3. Nf3 {40} Bg7 {5} 4. Nc3 {44} d5 {5} 5.
cxd5 {55} Nxd5 {0} 6. e4 {18} Nxc3 {7} 7. bxc3 {6} c5 {8} 8. Rb1 {20} O-O {6}
9. Be2 {28} cxd4 {5} 10. cxd4 {20} Qa5+ {4} 11. Bd2 {23} Qxa2 {7} 12. O-O {21}
Bg4 {8} 13. Bg5 {34} h6 {5} 14. Be3 {28} Nc6 {14} 15. d5 {58} Bxf3 {9} 16. Bxf3
{61} Ne5 {11} 17. Rxb7 {19} a5 {14} 18. Rxe7 {39} a4 {12} 19. Bd4 {143} Nxf3+ {
14} 20. gxf3 {3} Bxd4 {93} 21. Qxd4 {6} a3 {15} 22. d6 {116} Qe2 {1392} 23. Kg2
{30} a2 {12} 24. Ra1 {23} Ra3 {27} 25. Qf6 {208} Rb3 {61} 26. d7 {250} Rb1 {54}
27. Qxf7+ {194} Rxf7 {7} 28. d8=Q+ {11} Kg7 {15} 29. Rxf7+ {163} Kxf7 {16} 30.
Qd5+ {13} Kf6 {20} 31. e5+ {273} Kg7 {
Luminarydebris offers a draw (Lag: Av=0.45s, max=1.0s) 159} 1/2-1/2